Vers une pratique de l'évaluation formative: (Record no. 48359)
[ view plain ]
| 000 -LEADER | |
|---|---|
| fixed length control field | 00689nam a22002177a 4500 |
| 003 - CONTROL NUMBER IDENTIFIER | |
| control field | 0 |
| 005 - DATE AND TIME OF LATEST TRANSACTION | |
| control field | 20160609170126.0 |
| 008 - FIXED-LENGTH DATA ELEMENTS--GENERAL INFORMATION | |
| fixed length control field | 101123t xxu||||| |||| 00| 0 eng d |
| 020 ## - NUMERO INTERNATIONAL NORMALISE DES LIVRES | |
| International Standard Book Number | 2-8041-1534-8 |
| 022 ## - NUMERO INTERNATIONAL NORMALISE DES PUBLICATIONS EN SERIE | |
| International Standard Serial Number | 0777-5245 |
| 040 ## - SOURCE DU CATALOGAGE | |
| Original cataloging agency | BUAC |
| Language of cataloging | Fr. |
| Transcribing agency | CRPU/UAC06 |
| 041 ## - CODE DE LANGUE | |
| Language code of text/sound track or separate title | Fr. |
| 100 ## - VEDETTE PRINCIPALE - NOM DE PERSONNE | |
| Personal name | Allal, Linda |
| 9 (RLIN) | 11534 |
| 245 ## - TITLE STATEMENT | |
| Title | Vers une pratique de l'évaluation formative: |
| Remainder of title | Matériel de formation continue des enseignants |
| Statement of responsibility, etc | Linda Allal |
| 260 ## - PUBLICATION, DISTRIBUTION, ETC. (IMPRINT) | |
| Place of publication, distribution, etc | Paris, Bruxelles: |
| Name of publisher, distributor, etc | De Boeck Université, |
| Date of publication, distribution, etc | 1991 |
| 300 ## - PHYSICAL DESCRIPTION | |
| Extent | 158p. |
| Other physical details | Couv. en coul. |
| Dimensions | 24 cm |
| 440 ## - SERIES STATEMENT/ADDED ENTRY--TITLE | |
| Title | (Pédagogies en développement) |
| 9 (RLIN) | 11535 |
| 504 ## - BIBLIOGRAPHY, ETC. NOTE | |
| Bibliography, etc | Comprend: bibliogr. |
| 650 ## - SUBJECT ADDED ENTRY--TOPICAL TERM | |
| Topical term or geographic name as entry element | SCIENCES SOCIALES |
| 9 (RLIN) | 11536 |
| 942 ## - ADDED ENTRY ELEMENTS (KOHA) | |
| Koha item type | Livre |
| Withdrawn status | Lost status | Damaged status | Not for loan | Location (home branch) | Sublocation or collection (holding branch) | Date acquired | Source of acquisition | Koha issues (times borrowed) | Koha full call number | Piece designation (barcode) | Koha date last seen | Copy number | Price effective from | Koha item type |
|---|---|---|---|---|---|---|---|---|---|---|---|---|---|---|
| Bibliothèque Universitaire Centrale | Bibliothèque Universitaire Centrale | Achat | 178ALL | 178 | 23/11/2010 | 1 | 23/11/2010 | Livre |